| 000 | 00382nam a2200157Ia 4500 | ||
|---|---|---|---|
| 003 | Ost | ||
| 005 | 20260225132546.0 | ||
| 008 | 260225s9999||||xx |||||||||||||| ||und|| | ||
| 040 | _cfsic | ||
| 041 | _afre | ||
| 082 | _a440 | ||
| 100 |
_aOmar hayane _eAuteur |
||
| 245 | 0 | _aL'enseignement de la langue Anglaise en Algerie bdepuis 1962 / | |
| 245 | 0 | _cOmar hayane | |
| 942 | _cكتاب | ||
| 999 |
_c33814 _d33814 |
||